[Event "LSS No Engine Cup 204 Preliminary 0"]
[Site "LSS email"]
[Date "2020.06.05"]
[Round "?"]
[White "Callow, Chris"]
[Black "Tomassi, Emidio"]
[Result "1-0"]
[WhiteElo "2093"]
[BlackElo "1747"]
[PlyCount "113"]
[EventDate "2020.06.05"]
[EventType "tourn (corr)"]
[EventRounds "6"]
[EventCountry "GER"]
[SourceTitle "Corr 2022"]
[Source "ChessBase"]
[SourceDate "2021.10.24"]
[SourceVersion "1"]
[SourceVersionDate "2021.10.24"]
[SourceQuality "1"]

1. e4 b6 2. d4 Bb7 3. Bd3 Nf6 4. Qe2 Nc6 5. c3 e5 6. Nf3 d6 7. 0-0 Be7 8. d5 Nb8 9. c4 0-0 10. Nc3 Nbd7 11. Be3 a5 12. a3 Ng4 13. Bd2 Nc5 14. Bc2 Nf6 15. b4 Ncd7 16. Rfd1 c6 17. dxc6 Bxc6 18. Rac1 axb4 19. axb4 Ra3 20. Ne1 Re8 21. Bd3 Nf8 22. Nc2 Ra7 23. Ra1 Rxa1 24. Rxa1 Ne6 25. Be3 Qb8 26. b5 Bd7 27. Nb4 Nc5 28. f3 Qb7 29. Qa2 Rc8 30. Bc2 h6 31. Qa7 Qxa7 32. Rxa7 Kf8 33. Ncd5 Bd8 34. Nxf6 Bxf6 35. Nd5 Be6 36. Nxb6 Rb8 37. Na4 Nxa4 38. Bxa4 Bd8 39. Bb3 Rc8 40. Ra1 Ke8 41. Kf2 Bg5 42. Ra7 Bd7 43. Bxg5 hxg5 44. h3 g6 45. Ke2 Kd8 46. Kd3 f5 47. Ra6 Ke7 48. Ra5 Kd8 49. Kc3 g4 50. hxg4 fxg4 51. fxg4 Bxg4 52. Ra6 Ke7 53. b6 Bd7 54. Kb4 Rb8 55. Ba4 Bc8 56. Ra7+ Ke6 57. Ka5 1-0

[Event "LSS No Engine Cup 204 Preliminary 0"]
[Site "LSS email"]
[Date "2020.06.05"]
[Round "?"]
[White "Glowinski, Daniel"]
[Black "Tomassi, Emidio"]
[Result "0-1"]
[WhiteElo "1943"]
[BlackElo "1747"]
[PlyCount "64"]
[EventDate "2020.06.05"]
[EventType "tourn (corr)"]
[EventRounds "6"]
[EventCountry "GER"]
[SourceTitle "Corr 2022"]
[Source "ChessBase"]
[SourceDate "2021.10.24"]
[SourceVersion "1"]
[SourceVersionDate "2021.10.24"]
[SourceQuality "1"]

1. e4 e6 2. d4 d5 3. Nc3 Nf6 4. Bg5 Bb4 5. e5 h6 6. exf6 hxg5 7. fxg7 Rg8 8. h4 gxh4 9. Nf3 Qf6 10. Qd3 Bd7 11. a3 Bxc3+ 12. Qxc3 Nc6 13. 0-0-0 Qxg7 14. Rxh4 0-0-0 15. g3 Rh8 16. Qe3 Rxh4 17. gxh4 Rh8 18. Bb5 Ne7 19. Rg1 Qh6 20. Bd3 f6 21. b3 Be8 22. c4 Bg6 23. Bxg6 Nxg6 24. Ng5 fxg5 25. Qxe6+ Kb8 26. Rxg5 a5 27. Qxg6 Qxh4 28. Qf6 Re8 29. Kd2 Qe4 30. Rg1 Qe2+ 31. Kc1 dxc4 32. Qf7 c3 0-1

[Event "LSS No Engine Cup 204 Preliminary 0"]
[Site "LSS email"]
[Date "2020.06.05"]
[Round "?"]
[White "Mostowik, Pawel"]
[Black "Tomassi, Emidio"]
[Result "1-0"]
[WhiteElo "2129"]
[BlackElo "1747"]
[PlyCount "85"]
[EventDate "2020.06.05"]
[EventType "tourn (corr)"]
[EventRounds "6"]
[EventCountry "GER"]
[SourceTitle "Corr 2022"]
[Source "ChessBase"]
[SourceDate "2021.10.24"]
[SourceVersion "1"]
[SourceVersionDate "2021.10.24"]
[SourceQuality "1"]

1. e4 e6 2. d4 d5 3. Nc3 Nf6 4. Bg5 Bb4 5. e5 h6 6. exf6 hxg5 7. fxg7 Rg8 8. a3 Bxc3+ 9. bxc3 Qf6 10. Qd3 Qxg7 11. Qg3 f6 12. h4 gxh4 13. Qxg7 Rxg7 14. Rxh4 Nc6 15. 0-0-0 Kf7 16. Nh3 Bd7 17. Nf4 Ne7 18. c4 c6 19. Rh2 e5 20. dxe5 fxe5 21. Nd3 Kf6 22. f3 Nf5 23. g4 Ne3 24. Re1 Nxc4 25. Rh6+ Rg6 26. Rh7 Bc8 27. f4 Bxg4 28. fxe5+ Kg5 29. Bh3 Bxh3 30. Rxh3 Rgg8 31. e6 Rae8 32. Rf3 Nd6 33. e7 Kh4 34. Rh1+ Kg5 35. Rhf1 Kh4 36. Rf6 Rxe7 37. Rxd6 Rg4 38. Rd8 Rgg7 39. Rdf8 Re4 40. Rh1+ Kg5 41. Nf2 Ree7 42. Nh3+ Kh4 43. Nf4+ 1-0

[Event "SD-2013-0-00161"]
[Site "LSS email"]
[Date "2013.03.04"]
[Round "?"]
[White "Basson, Heinrich"]
[Black "Tomassi, Emidio"]
[Result "0-1"]
[WhiteElo "1224"]
[BlackElo "1642"]
[PlyCount "36"]
[EventDate "2013.01.31"]
[EventType "tourn (corr)"]
[EventRounds "6"]
[EventCountry "GER"]
[SourceTitle "Telechess CBM 167"]
[Source "ChessBase"]
[SourceDate "2015.07.13"]
[SourceVersion "1"]
[SourceVersionDate "2015.07.13"]
[SourceQuality "1"]

1. d4 d5 2. c4 e6 3. Nc3 Nf6 4. Bg5 Be7 5. e3 0-0 6. Nf3 h6 7. Bh4 Nbd7 8. Qc2 c5 9. cxd5 Nxd5 10. Bxe7 Qxe7 11. Be2 Nb4 12. Qb3 cxd4 13. Nxd4 Nc5 14. Qd1 e5 15. Nf3 Rd8 16. Qb1 Nbd3+ 17. Kf1 Bf5 18. e4 Nxe4 0-1

[Event "SD-2013-0-00161"]
[Site "LSS email"]
[Date "2013.03.04"]
[Round "?"]
[White "Tomassi, Emidio"]
[Black "Yloenen, Olli"]
[Result "1/2-1/2"]
[WhiteElo "1642"]
[BlackElo "1662"]
[PlyCount "102"]
[EventDate "2013.01.31"]
[EventType "tourn (corr)"]
[EventRounds "6"]
[EventCountry "GER"]
[SourceTitle "Telechess CBM 167"]
[Source "ChessBase"]
[SourceDate "2015.07.13"]
[SourceVersion "1"]
[SourceVersionDate "2015.07.13"]
[SourceQuality "1"]

1. e4 c5 2. Nf3 d6 3. d4 cxd4 4. Nxd4 Nf6 5. Nc3 g6 6. Be2 Bg7 7. Be3 0-0 8. 0-0 Nc6 9. Re1 Bd7 10. Qd2 Rc8 11. Rad1 a6 12. h3 b5 13. a3 Qc7 14. Nxc6 Bxc6 15. Bf3 Rfe8 16. Bd4 Qb7 17. Qe3 Bf8 18. Re2 Nd7 19. Na2 a5 20. Bc3 Ra8 21. h4 Nc5 22. h5 Na4 23. Bd4 e5 24. Bc3 Rec8 25. Bg4 Rc7 26. b3 Nxc3 27. Nxc3 b4 28. axb4 axb4 29. Nd5 Bxd5 30. Rxd5 Rc3 31. Rd3 Ra1+ 32. Kh2 Qc7 33. Rxc3 bxc3 34. Qg5 d5 35. exd5 Qd6 36. Re4 Rf1 37. hxg6 hxg6 38. Qe3 Qxd5 39. Be2 Rxf2 40. Qxf2 Qxe4 41. Bc4 Qf5 42. Qxf5 gxf5 43. Kh3 Be7 44. g4 f4 45. Bd5 Kg7 46. Kg2 f6 47. Kf3 Kh6 48. Ke4 Kg5 49. Be6 Bc5 50. Kf3 Bf8 51. Ke4 Be7 1/2-1/2

[Event "LSS No Engine Cup 67 Final"]
[Site "LSS email"]
[Date "2013.01.21"]
[Round "?"]
[White "Tomassi, Emidio"]
[Black "Nowak, Andrzej"]
[Result "1-0"]
[WhiteElo "1644"]
[BlackElo "1548"]
[PlyCount "109"]
[EventDate "2013.01.22"]
[EventType "tourn (corr)"]
[EventRounds "6"]
[EventCountry "GER"]
[SourceTitle "Telechess CBM 161"]
[Source "ChessBase"]
[SourceDate "2014.07.16"]
[SourceVersion "1"]
[SourceVersionDate "2014.07.16"]
[SourceQuality "1"]

1. e4 c5 2. Nf3 d6 3. d4 cxd4 4. Nxd4 Nf6 5. Nc3 a6 6. Bg5 e6 7. f4 Be7 8. Qf3 Qc7 9. 0-0-0 Nbd7 10. g4 b5 11. Bxf6 Nxf6 12. g5 Nd7 13. f5 Bxg5+ 14. Kb1 Ne5 15. Qh5 h6 16. Nxe6 Bxe6 17. fxe6 0-0 18. h4 Be7 19. Nd5 Qd8 20. exf7+ Rxf7 21. Bh3 Kh7 22. Be6 Rf2 23. Rdg1 Bf6 24. Rg3 Kh8 25. Bf5 Rb8 26. Rhg1 Rh2 27. Bh3 Rf2 28. Nxf6 Qxf6 29. Rxg7 Rf8 30. a4 Qxg7 31. Rxg7 Kxg7 32. Qd1 R8f6 33. Bf5 Rf4 34. Qg1+ Kf8 35. axb5 axb5 36. Qb6 Rxh4 37. Qxb5 Rh1+ 38. Ka2 Rd1 39. Qb6 Kg7 40. b4 Rf8 41. Be6 h5 42. Bd5 Rf6 43. Qc7+ Kh6 44. b5 h4 45. b6 h3 46. Qc8 h2 47. Qh8+ Kg5 48. Qxh2 Rff1 49. b7 Ra1+ 50. Kb2 Rab1+ 51. Ka3 Ra1+ 52. Kb4 Rab1+ 53. Bb3 Rf8 54. Qd2+ Kg4 55. Qxd6 1-0

[Event "LSS No Engine Cup 67 Final"]
[Site "LSS email"]
[Date "2013.01.21"]
[Round "?"]
[White "Tomassi, Emidio"]
[Black "Schwarz, Ingo"]
[Result "1-0"]
[WhiteElo "1644"]
[BlackElo "1277"]
[PlyCount "47"]
[EventDate "2013.01.22"]
[EventType "tourn (corr)"]
[EventRounds "6"]
[EventCountry "GER"]
[SourceTitle "Telechess CBM 161"]
[Source "ChessBase"]
[SourceDate "2014.07.16"]
[SourceVersion "1"]
[SourceVersionDate "2014.07.16"]
[SourceQuality "1"]

1. e4 d5 2. exd5 Qxd5 3. Nc3 Qa5 4. Nf3 Nf6 5. d4 c6 6. Bc4 Bg4 7. h3 Bxf3 8. Qxf3 e6 9. Bd2 Qc7 10. 0-0-0 Nbd7 11. g4 Nb6 12. Bd3 0-0-0 13. g5 Nfd5 14. Ne4 f5 15. gxf6 gxf6 16. c4 f5 17. Ng5 Nb4 18. Nxe6 Nxd3+ 19. Qxd3 Qd7 20. Nxd8 Kxd8 21. Bf4 Bg7 22. Rhe1 Bf6 23. Qc3 Bxd4 24. Rxd4 1-0

[Event "OP-2012-0-02573"]
[Site "LSS email"]
[Date "2013.01.13"]
[Round "?"]
[White "Tomassi, Emidio"]
[Black "Brizzi, Eduardo"]
[Result "1/2-1/2"]
[WhiteElo "1644"]
[BlackElo "1403"]
[PlyCount "103"]
[EventDate "2012.12.30"]
[EventType "tourn (corr)"]
[EventRounds "4"]
[EventCountry "GER"]
[SourceTitle "Telechess CBM 161"]
[Source "ChessBase"]
[SourceDate "2014.07.16"]
[SourceVersion "1"]
[SourceVersionDate "2014.07.16"]
[SourceQuality "1"]

1. e4 c5 2. Nf3 d6 3. d4 cxd4 4. Nxd4 Nf6 5. Nc3 a6 6. Bg5 e6 7. Be2 Bd7 8. Qd2 Nc6 9. 0-0-0 b5 10. Nxc6 Bxc6 11. Bf3 Rc8 12. Rhe1 Be7 13. Bxf6 Bxf6 14. Qxd6 Qxd6 15. Rxd6 Be5 16. Rd3 b4 17. Nd1 h5 18. h4 Ke7 19. Ne3 f6 20. g3 Bb5 21. Rd2 g5 22. Rh1 g4 23. Be2 Rc5 24. Rhd1 Bc6 25. Nc4 Bc7 26. b3 a5 27. Kb2 a4 28. Bf1 Rf8 29. Bd3 Rd8 30. a3 Rb8 31. Rb1 axb3 32. cxb3 bxa3+ 33. Kxa3 Rcb5 34. Bc2 R5b7 35. Kb2 Ba4 36. Kc1 Bxb3 37. Bxb3 Rxb3 38. Rxb3 Rxb3 39. Kc2 Rf3 40. Kd1 f5 41. exf5 exf5 42. Rc2 Kd7 43. Ke2 f4 44. Nd2 Ra3 45. gxf4 Bxf4 46. Ne4 Ra5 47. Rc4 Ke6 48. Rc5 Rxc5 49. Nxc5+ Kf5 50. Nd3 Bc7 51. f3 Bb6 52. fxg4+ 1/2-1/2

[Event "OP-2012-0-02573"]
[Site "LSS email"]
[Date "2013.01.04"]
[Round "?"]
[White "Miklaszewski, Sylvain"]
[Black "Tomassi, Emidio"]
[Result "0-1"]
[WhiteElo "1321"]
[BlackElo "1644"]
[PlyCount "90"]
[EventDate "2012.12.30"]
[EventType "tourn (corr)"]
[EventRounds "4"]
[EventCountry "GER"]
[SourceTitle "Telechess CBM 161"]
[Source "ChessBase"]
[SourceDate "2014.07.16"]
[SourceVersion "1"]
[SourceVersionDate "2014.07.16"]
[SourceQuality "1"]

1. d4 d5 2. Nf3 Nf6 3. Nc3 c5 4. e3 e6 5. Bb5+ Bd7 6. 0-0 Bxb5 7. Nxb5 a6 8. Nc3 Nc6 9. Qe2 Qc7 10. Rd1 Bd6 11. dxc5 Bxc5 12. e4 Ng4 13. exd5 Nxf2 14. Be3 Nxd1 15. Rxd1 Nd8 16. Qf2 Rc8 17. dxe6 fxe6 18. Bxc5 Qxc5 19. Ne4 Qxf2+ 20. Nxf2 Rxc2 21. Nd3 Nc6 22. Nfe1 Rc4 23. Nf3 0-0 24. a3 Rd8 25. Kf1 e5 26. Nfe1 Rf8+ 27. Ke2 Re4+ 28. Kd2 Nd4 29. Nc1 Rd8 30. Ned3 Rg4 31. g3 Nf3+ 32. Ke3 Nxh2 33. Ne2 Rg6 34. Ke4 Rgd6 35. Nc3 Ng4 36. Kf3 Rxd3+ 37. Rxd3 e4+ 38. Kxg4 exd3 39. Kf3 Re8 40. Nb1 Re1 41. Nd2 h5 42. Nc4 b5 43. Nd2 g5 44. g4 h4 45. Nb3 h3 0-1

[Event "OP-2012-0-02530"]
[Site "LSS email"]
[Date "2012.12.08"]
[Round "?"]
[White "Cole, Steve"]
[Black "Tomassi, Emidio"]
[Result "0-1"]
[WhiteElo "1174"]
[BlackElo "1588"]
[PlyCount "58"]
[EventDate "2012.12.03"]
[EventType "tourn (corr)"]
[EventRounds "4"]
[EventCountry "GER"]
[SourceTitle "Telechess CBM 163"]
[Source "ChessBase"]
[SourceDate "2014.11.11"]
[SourceVersion "2"]
[SourceVersionDate "2014.11.11"]
[SourceQuality "1"]

1. e4 e5 2. Nf3 Nc6 3. Bb5 a6 4. Ba4 Nf6 5. 0-0 Be7 6. Re1 b5 7. Bb3 d6 8. c3 0-0 9. d4 Bg4 10. d5 Na5 11. Bc2 c6 12. h3 Bh5 13. dxc6 Nxc6 14. Nbd2 d5 15. exd5 Qxd5 16. b3 Rad8 17. Qe2 Qe6 18. Bb2 Nd5 19. Rad1 Nf4 20. Qf1 f5 21. c4 e4 22. cxb5 axb5 23. Qxb5 Qg6 24. g3 Nxh3+ 25. Kg2 exf3+ 26. Kxh3 Qh6 27. Kh2 Rxd2 28. Rxd2 Qxd2 29. Qxc6 Qxf2+ 0-1

[Event "OP-2012-0-02426"]
[Site "LSS email"]
[Date "2012.09.28"]
[Round "?"]
[White "Neil, Charles"]
[Black "Tomassi, Emidio"]
[Result "0-1"]
[WhiteElo "665"]
[BlackElo "1589"]
[PlyCount "38"]
[EventDate "2012.09.25"]
[EventType "tourn (corr)"]
[EventRounds "4"]
[EventCountry "GER"]
[SourceTitle "Corr 2015"]
[Source "ChessBase"]
[SourceDate "2015.07.17"]
[SourceVersion "1"]
[SourceVersionDate "2015.07.17"]
[SourceQuality "1"]

1. e4 e5 2. Nf3 Nc6 3. Bb5 Nf6 4. d3 Bc5 5. c3 0-0 6. 0-0 d6 7. Nbd2 Be6 8. Re1 h6 9. Nf1 a6 10. Ba4 b5 11. Bc2 Bb6 12. b4 a5 13. Ng3 axb4 14. Ne2 bxc3 15. Nxc3 Nd4 16. Be3 Nxc2 17. Qxc2 Bxe3 18. Rxe3 b4 19. Ne2 Ng4 0-1

[Event "OP-2012-0-02426"]
[Site "LSS email"]
[Date "2012.09.27"]
[Round "?"]
[White "Raines, David T"]
[Black "Tomassi, Emidio"]
[Result "0-1"]
[WhiteElo "1054"]
[BlackElo "1589"]
[PlyCount "48"]
[EventDate "2012.09.25"]
[EventType "tourn (corr)"]
[EventRounds "4"]
[EventCountry "GER"]
[SourceTitle "Telechess CBM 159"]
[Source "ChessBase"]
[SourceDate "2014.03.17"]
[SourceVersion "1"]
[SourceVersionDate "2014.03.17"]
[SourceQuality "1"]

1. d4 d5 2. f4 Nc6 3. Nf3 Bg4 4. Nbd2 e6 5. e3 Bb4 6. c3 Bd6 7. Be2 Nf6 8. 0-0 0-0 9. Ne5 Bxe2 10. Qxe2 Ne7 11. Rf3 c5 12. Rh3 Ng6 13. Ndf3 h6 14. Nxg6 fxg6 15. Nh4 Qe8 16. Rg3 g5 17. Nf3 Ne4 18. Rg4 Qh5 19. h3 cxd4 20. Nxd4 Rae8 21. Bd2 e5 22. Nb5 Bc5 23. Kh2 exf4 24. exf4 Nf2 0-1

[Event "OP-2012-0-02411"]
[Site "LSS email"]
[Date "2012.09.22"]
[Round "?"]
[White "Schenning, Albert AM"]
[Black "Tomassi, Emidio"]
[Result "1/2-1/2"]
[WhiteElo "2100"]
[BlackElo "1588"]
[PlyCount "55"]
[EventDate "2012.09.14"]
[EventType "tourn (corr)"]
[EventRounds "4"]
[EventCountry "GER"]
[SourceTitle "Telechess CBM 165"]
[Source "ChessBase"]
[SourceDate "2015.03.11"]
[SourceVersion "1"]
[SourceVersionDate "2015.03.11"]
[SourceQuality "1"]

1. e4 e5 2. Nf3 Nc6 3. d4 exd4 4. Bc4 Nf6 5. 0-0 Nxe4 6. Re1 d5 7. Bxd5 Qxd5 8. Nc3 Qa5 9. Nxe4 Be6 10. Neg5 0-0-0 11. Nxe6 fxe6 12. Rxe6 Be7 13. Ne5 Nxe5 14. Rxe7 Rhe8 15. Bd2 Qb5 16. Rxg7 Qxb2 17. Rb1 Qxa2 18. Ra1 Qb2 19. Rxa7 Kb8 20. Qa1 Qxa1+ 21. Rxa1 Rd7 22. Rxd7 Nxd7 23. Kf1 Nb6 24. Re1 Rxe1+ 25. Kxe1 c5 26. Ke2 Nd5 27. Kd3 Kc7 28. g4 1/2-1/2

[Event "OP-2012-0-02411"]
[Site "LSS email"]
[Date "2012.09.22"]
[Round "?"]
[White "Tomassi, Emidio"]
[Black "Molina, Vicente Andres"]
[Result "1-0"]
[WhiteElo "1588"]
[BlackElo "822"]
[PlyCount "61"]
[EventDate "2012.09.14"]
[EventType "tourn (corr)"]
[EventRounds "4"]
[EventCountry "GER"]
[SourceTitle "Telechess CBM 165"]
[Source "ChessBase"]
[SourceDate "2015.03.11"]
[SourceVersion "1"]
[SourceVersionDate "2015.03.11"]
[SourceQuality "1"]

1. e4 c5 2. Nf3 d6 3. d4 cxd4 4. Nxd4 a6 5. Nc3 e5 6. Nf3 h6 7. Bc4 Be6 8. Bxe6 fxe6 9. 0-0 Nc6 10. Be3 Nf6 11. Qe2 Be7 12. Nh4 0-0 13. Ng6 Rf7 14. Rad1 Nd4 15. Bxd4 exd4 16. Rxd4 Qb6 17. Rfd1 Rd8 18. e5 Nd5 19. Nxd5 exd5 20. e6 Bf6 21. exf7+ Kxf7 22. Nf4 Re8 23. Qh5+ Kf8 24. Rxd5 Qxb2 25. Rxd6 Qxc2 26. Rxf6+ gxf6 27. Ng6+ Kg8 28. Qd5+ Kg7 29. Qd7+ Kxg6 30. Qxe8+ Kf5 31. Rd5+ 1-0

[Event "OP-2012-0-02384"]
[Site "LSS email"]
[Date "2012.09.02"]
[Round "?"]
[White "Lauer, Fredric"]
[Black "Tomassi, Emidio"]
[Result "1/2-1/2"]
[WhiteElo "935"]
[BlackElo "1589"]
[PlyCount "45"]
[EventDate "2012.08.29"]
[EventType "tourn (corr)"]
[EventRounds "4"]
[EventCountry "GER"]
[SourceTitle "Telechess CBM 159"]
[Source "ChessBase"]
[SourceDate "2014.03.17"]
[SourceVersion "1"]
[SourceVersionDate "2014.03.17"]
[SourceQuality "1"]
[WhiteTeam "IWEC (Canada)"]

1. e4 e5 2. Nf3 Nc6 3. Nc3 Nf6 4. d4 exd4 5. Nd5 Nxe4 6. Qe2 f5 7. Ng5 d3 8. cxd3 Nd4 9. Qh5+ g6 10. Qh4 c6 11. dxe4 cxd5 12. exd5 Qa5+ 13. Kd1 Qxd5 14. Bc4 Qxc4 15. Re1+ Be7 16. Rxe7+ Kxe7 17. Ne4+ Ke6 18. Qf6+ Kd5 19. Nc3+ Kc5 20. Qe5+ Kc6 21. Bf4 Qd3+ 22. Bd2 Qf1+ 23. Be1 1/2-1/2

[Event "OP-2012-0-02384"]
[Site "LSS email"]
[Date "2012.09.02"]
[Round "?"]
[White "Reede, Arvo"]
[Black "Tomassi, Emidio"]
[Result "1/2-1/2"]
[WhiteElo "1676"]
[BlackElo "1589"]
[PlyCount "91"]
[EventDate "2012.08.29"]
[EventType "tourn (corr)"]
[EventRounds "4"]
[EventCountry "GER"]
[SourceTitle "Telechess CBM 159"]
[Source "ChessBase"]
[SourceDate "2014.03.17"]
[SourceVersion "1"]
[SourceVersionDate "2014.03.17"]
[SourceQuality "1"]

1. d4 d5 2. c4 e6 3. Nc3 Nf6 4. Nf3 Be7 5. Bg5 0-0 6. e3 h6 7. Bxf6 Bxf6 8. Qc2 b6 9. Be2 Bb7 10. 0-0 c6 11. Rfc1 Re8 12. Bd3 Na6 13. cxd5 Nb4 14. Bh7+ Kh8 15. Qb1 Nxd5 16. Be4 Rc8 17. Rd1 c5 18. Bxd5 exd5 19. Qf5 g6 20. Qf4 Kg7 21. Rac1 a6 22. Qg3 h5 23. Rb1 c4 24. Ne2 h4 25. Qg4 Rc7 26. Nd2 b5 27. a3 Qc8 28. Qf4 g5 29. Qf3 g4 30. Qf4 Bd8 31. Nc3 f5 32. Re1 Qe6 33. g3 h3 34. Qe5+ Qxe5 35. dxe5 Rxe5 36. Ne2 Rce7 37. Red1 Bb6 38. Nf1 Re8 39. Ra1 Rc8 40. Nd4 Kg6 41. Nd2 Bxd4 42. exd4 Re7 43. Re1 Rce8 44. Kf1 f4 45. Rxe7 Rxe7 46. Re1 1/2-1/2

[Event "OP-2012-0-02365"]
[Site "LSS email"]
[Date "2012.08.19"]
[Round "?"]
[White "Klawitter, Bernd"]
[Black "Tomassi, Emidio"]
[Result "0-1"]
[WhiteElo "887"]
[BlackElo "1588"]
[PlyCount "68"]
[EventDate "2012.08.16"]
[EventType "tourn (corr)"]
[EventRounds "4"]
[EventCountry "GER"]
[SourceTitle "Telechess CBM 165"]
[Source "ChessBase"]
[SourceDate "2015.03.11"]
[SourceVersion "1"]
[SourceVersionDate "2015.03.11"]
[SourceQuality "1"]

1. e4 c5 2. b4 cxb4 3. Bb2 Nc6 4. d4 d5 5. exd5 Qxd5 6. c4 Qe4+ 7. Be2 Qxg2 8. Bf3 Qg5 9. Bxc6+ bxc6 10. Qf3 Bb7 11. Nh3 Qf6 12. Qxf6 exf6 13. Rg1 Nh6 14. Nd2 Nf5 15. c5 0-0-0 16. Nb3 Re8+ 17. Kd2 Re4 18. Rge1 Rh4 19. Re8+ Kd7 20. Rb8 Kc7 21. Rxb7+ Kxb7 22. Ng1 Rxh2 23. Ke2 g6 24. Kf3 Bh6 25. Ne2 Re8 26. Na5+ Kc7 27. Nc4 Bg5 28. Nf4 Nh4+ 29. Kg3 Bxf4+ 30. Kxf4 Rxf2+ 31. Kg3 Rf3+ 32. Kh2 Re2+ 33. Kg1 Rg2+ 34. Kh1 Rh3# 0-1

[Event "OP-2012-0-02365"]
[Site "LSS email"]
[Date "2012.08.19"]
[Round "?"]
[White "Piorko, Krzysiek"]
[Black "Tomassi, Emidio"]
[Result "0-1"]
[WhiteElo "870"]
[BlackElo "1588"]
[PlyCount "62"]
[EventDate "2012.08.16"]
[EventType "tourn (corr)"]
[EventRounds "4"]
[EventCountry "GER"]
[SourceTitle "Telechess CBM 165"]
[Source "ChessBase"]
[SourceDate "2015.03.11"]
[SourceVersion "1"]
[SourceVersionDate "2015.03.11"]
[SourceQuality "1"]

1. d4 e6 2. c4 d5 3. Nc3 Nf6 4. Nf3 Be7 5. e3 c5 6. cxd5 exd5 7. b3 Nc6 8. Bb2 0-0 9. Bd3 Re8 10. 0-0 cxd4 11. exd4 Bg4 12. h3 Bxf3 13. Qxf3 Nxd4 14. Qg3 Ne6 15. Rad1 Bd6 16. Qh4 Nf4 17. Bf5 Qa5 18. g3 Be5 19. gxf4 Bxc3 20. Bc1 Qxa2 21. Kh2 Qxb3 22. Rd3 Qc4 23. Rg1 g6 24. Rdg3 Ne4 25. Rg4 Nxf2 26. Rxg6+ hxg6 27. Bxg6 fxg6 28. Rxg6+ Bg7 29. Qh6 Ng4+ 30. Rxg4 Qe2+ 31. Kg3 Qxg4+ 0-1

[Event "LSS No Engine Cup 67 Preliminary 5"]
[Site "LSS email"]
[Date "2012.06.11"]
[Round "?"]
[White "Tomassi, Emidio"]
[Black "O'Brien, Glenn"]
[Result "1-0"]
[WhiteElo "1537"]
[BlackElo "1329"]
[PlyCount "97"]
[EventDate "2012.06.12"]
[EventType "tourn (corr)"]
[EventRounds "6"]
[EventCountry "GER"]
[SourceTitle "Telechess CBM 153"]
[Source "ChessBase"]
[SourceDate "2013.03.14"]
[SourceVersion "1"]
[SourceVersionDate "2013.03.14"]
[SourceQuality "1"]

1. e4 e5 2. Nf3 Nc6 3. Bb5 a6 4. Ba4 Nf6 5. 0-0 Be7 6. Re1 b5 7. Bb3 0-0 8. Nc3 d6 9. Nd5 Na5 10. Nxe7+ Qxe7 11. h3 Bb7 12. d3 Nxb3 13. axb3 Nd7 14. b4 f5 15. c3 fxe4 16. dxe4 Qf7 17. Qd3 d5 18. Qc2 Qg6 19. Nh4 Qh5 20. Nf5 dxe4 21. Ng3 Qg6 22. Be3 Rf7 23. Re2 Nf6 24. Rd1 Rd7 25. Rxd7 Nxd7 26. Rd2 Nf8 27. c4 Ne6 28. Qc3 bxc4 29. Qxc4 Kf7 30. Qc3 Kf6 31. Bf4 Nxf4 32. Qxc7 Bd5 33. Rxd5 Re8 34. Rd6+ Ne6 35. Qb7 Re7 36. Nxe4+ Kf7 37. Qc6 Kf8 38. Nc5 Qb1+ 39. Kh2 Nxc5 40. Qf3+ Ke8 41. bxc5 Qa2 42. Rb6 Qc4 43. Rb8+ Kd7 44. Qf5+ Kc6 45. Qc8+ Kd5 46. Qg8+ Re6 47. Qd8+ Ke4 48. Qh4+ Kd3 49. Rd8+ 1-0

[Event "ZI-2012-0-01314"]
[Site "LSS email"]
[Date "2012.06.01"]
[Round "?"]
[White "Bichik, Aleksandr Mihail"]
[Black "Tomassi, Emidio"]
[Result "1-0"]
[WhiteElo "1713"]
[BlackElo "1537"]
[PlyCount "103"]
[EventDate "2012.05.25"]
[EventType "match (corr)"]
[EventRounds "2"]
[EventCountry "GER"]
[SourceTitle "Telechess CBM 153"]
[Source "ChessBase"]
[SourceDate "2013.03.14"]
[SourceVersion "1"]
[SourceVersionDate "2013.03.14"]
[SourceQuality "1"]

1. e4 c5 2. Nf3 Nc6 3. d4 cxd4 4. Nxd4 Nf6 5. Nc3 e5 6. Nb3 Bb4 7. Bg5 h6 8. Bxf6 Bxc3+ 9. bxc3 Qxf6 10. Bc4 0-0 11. Rb1 d6 12. Nd2 Be6 13. Rxb7 Na5 14. Rb4 Nxc4 15. Nxc4 a5 16. Ra4 Qd8 17. Ne3 Qd7 18. Ra3 Qb5 19. Rb3 Bxb3 20. cxb3 Rfc8 21. Nd5 Ra7 22. Qe2 Qxe2+ 23. Kxe2 g6 24. g4 Kg7 25. Rg1 Rh8 26. h4 Rb7 27. Kd3 Rc8 28. f3 Rh8 29. Kc2 h5 30. g5 Ra8 31. Ra1 Rc8 32. Kb2 Rc5 33. a4 Kf8 34. b4 Ke8 35. b5 Kd7 36. Rd1 Rc4 37. Kb3 Rc8 38. c4 Rbb8 39. f4 exf4 40. Kc3 Rc5 41. Kd4 Ke8 42. Nxf4 Rbc8 43. Rc1 Kd7 44. Nd5 Ke8 45. Ne3 Kf8 46. Rf1 Kg7 47. Rf2 Rf8 48. Nd5 Rb8 49. Ne7 Rc7 50. Nc6 Rf8 51. Rf6 Rd7 52. Kd5 1-0

[Event "WC-2015-P-00012"]
[Site "LSS email"]
[Date "2011.02.20"]
[Round "?"]
[White "Tomassi, Emidio"]
[Black "Henrichs, Thomas"]
[Result "0-1"]
[WhiteElo "1478"]
[BlackElo "2246"]
[PlyCount "70"]
[EventDate "2011.02.24"]
[EventType "tourn (corr)"]
[EventRounds "6"]
[EventCountry "GER"]
[SourceTitle "Corr 2015"]
[Source "ChessBase"]
[SourceDate "2015.07.17"]
[SourceVersion "1"]
[SourceVersionDate "2015.07.17"]
[SourceQuality "1"]

1. e4 g6 2. d4 Bg7 3. Nf3 c5 4. Nc3 cxd4 5. Nxd4 d6 6. Be3 Nf6 7. Bb5+ Bd7 8. 0-0 Bxb5 9. Ndxb5 a6 10. Nd4 Nbd7 11. Qe2 Rc8 12. Rfd1 0-0 13. Rab1 b5 14. a3 Rxc3 15. bxc3 Nxe4 16. Bd2 Qa8 17. f3 Nxd2 18. Rxd2 e5 19. Nb3 d5 20. Qe3 Qc6 21. Rbd1 Nb6 22. Qc5 Rc8 23. Qxc6 Rxc6 24. Rd3 f5 25. Re3 Kf7 26. Nc1 e4 27. fxe4 dxe4 28. Na2 a5 29. g4 Nc4 30. Rh3 f4 31. Rxh7 Kg8 32. Rh4 Bf6 33. Rh3 f3 34. Kf2 Be7 35. Nc1 Ne5 0-1

[Event "IECG QD.2008.0.00109"]
[Site "IECG email"]
[Date "2008.11.28"]
[Round "?"]
[White "Otterstein, Andreas"]
[Black "Tomassi, Emidio"]
[Result "0-1"]
[WhiteElo "1500"]
[BlackElo "1463"]
[PlyCount "24"]
[EventDate "2008.11.28"]
[EventType "tourn (corr)"]
[EventRounds "6"]
[SourceTitle "Corr 2024"]
[Source "ChessBase"]
[SourceDate "2023.10.19"]
[SourceVersion "1"]
[SourceVersionDate "2023.10.19"]
[SourceQuality "1"]

1. e4 e5 2. Nf3 Nc6 3. Bb5 a6 4. Bxc6 dxc6 5. 0-0 f6 6. d4 Bg4 7. dxe5 Qxd1 8. Rxd1 fxe5 9. Rd3 Bd6 10. Nbd2 Nf6 11. b3 0-0 12. Bb2 Rae8 0-1